Transplant production in the 21st century : proceedings of the International Symposium on Transplant Production in Closed System for Solving the Global Issues on Environmental Conservation, Food, Resource, and Energy /

Guardado en:
Autor Corporativo: International Symposium on Transplant Production in Closed System for Solving the Global Issues on Environmental Conservation, Food, Resources, and Energy Chiba University)
Otros Autores: Kubota, C., Chun, C.
Formato: Libro
Idioma:English
Publicado: Dordrecht ; Boston : Kluwer Academic Publishers, c2000.
Materias:
Etiquetas: Agregar Etiqueta
Sin Etiquetas, Sea el primero en etiquetar este registro!
LEADER 01183cam a22002174a 4500
001 EEA.libagro009479
005 20180606111820.0
008 000801s2000####ne#a#####b####101#0#eng##
020 |a 0792365941 (hc. : alk. paper) 
082 0 0 |a 631.53  |2 20 
111 2 |a International Symposium on Transplant Production in Closed System for Solving the Global Issues on Environmental Conservation, Food, Resources, and Energy  |d (2000 :  |c Chiba University) 
245 1 0 |a Transplant production in the 21st century :  |b proceedings of the International Symposium on Transplant Production in Closed System for Solving the Global Issues on Environmental Conservation, Food, Resource, and Energy /  |c edited by C. Kubota and C. Chun. 
246 3 |a Transplant production in the twenty-first century 
260 |a Dordrecht ;  |a Boston :  |b Kluwer Academic Publishers,  |c c2000. 
300 |a x, 290 p. :  |b il. ;  |c 25 cm. 
500 |a Held at Chiba University in Japan, Feb. 28 to Mar. 2, 2000. 
504 |a Incluye referencias bibliográficas. 
650 0 |a Propagación de plantas  |v Congresos 
700 1 |a Kubota, C.  |q (Chieri) 
700 1 |a Chun, C.  |q (Changhoo) 
859 |a AR-BbBCA  |b BIB. AGRONOMIA  |h 631.53  |i K95  |p 2001/4243